Bharat buranji: (Record no. 11102)

MARC details
000 -LEADER
fixed length control field 00602nam a22002177a 4500
005 - DATE AND TIME OF LATEST TRANSACTION
control field 20201201112351.0
008 - FIXED-LENGTH DATA ELEMENTS--GENERAL INFORMATION
fixed length control field 201201b ||||| |||| 00| 0 eng d
020 ## - INTERNATIONAL STANDARD BOOK NUMBER
International Standard Book Number 9788173394652
040 ## - CATALOGING SOURCE
Original cataloging agency IN-DiNC
Transcribing agency IN-DiNC
041 ## - LANGUAGE CODE
Language code of sung or spoken text Assamese
082 ## - DEWEY DECIMAL CLASSIFICATION NUMBER
Classification number 954
Item number HUS
100 ## - MAIN ENTRY--PERSONAL NAME
Personal name Hussain, Tassadduque Amanul
Relator term Author
245 ## - TITLE STATEMENT
Title Bharat buranji:
Remainder of title adhuni jug: 1750-1947
Statement of responsibility, etc. by Tassadduque Amanul Hussain
250 ## - EDITION STATEMENT
Edition statement 1st ed.
260 ## - PUBLICATION, DISTRIBUTION, ETC.
Place of publication, distribution, etc. Dibrugarh:
Name of publisher, distributor, etc. Banalata,
Date of publication, distribution, etc. 2009
300 ## - PHYSICAL DESCRIPTION
Extent 323p.
650 ## - SUBJECT ADDED ENTRY--TOPICAL TERM
Topical term or geographic name entry element History
650 ## - SUBJECT ADDED ENTRY--TOPICAL TERM
Topical term or geographic name entry element History of modern India
650 ## - SUBJECT ADDED ENTRY--TOPICAL TERM
Topical term or geographic name entry element History of British India
942 ## - ADDED ENTRY ELEMENTS (KOHA)
Source of classification or shelving scheme Dewey Decimal Classification
Koha item type Books
Holdings
Withdrawn status Lost status Source of classification or shelving scheme Damaged status Not for loan Collection code Home library Current library Shelving location Date acquired Cost, normal purchase price Total Checkouts Full call number Barcode Date last seen Date last checked out Copy number Price effective from Koha item type
    Dewey Decimal Classification     History Naharkatiya College Library Naharkatiya College Library General Stacks 01/12/2020 140.00 9 954 HUS 19461 23/11/2024 19/11/2024 1 01/12/2020 Books

Naharkatiya College © 2020. All rights reserved.

Powered By